000 00630nam a2200205Ii 4500
003 JO-AjNU
008 230605s9999||||xx |||||||||||||| ||und||
040 _aJO-AjNU
_bara
_erda
_cJO-AjNU
041 _aara
050 1 4 _aSB931.A43 1975
100 3 _aعبدالسلام، احمد لطفي ,
_eauthor
_912004
245 0 0 _aالحشرات الاقتصادية التطبيقية
250 _aط2
264 3 1 _aالقاهرة:دار المعارف ، 1975
300 _a167ص
336 _atext
_btxt
_2rdacontent
337 _aunmediated
_bn
_2rdamedia
338 _avolume
_bnc
_2rdacarrier
650 4 _aالحشرات
_912005
999 _aA2614
_c6182
_d6182